000 01075nam a22002417a 4500
003 OSt
005 20250930163220.0
008 240319b ||||| |||| 00| 0 eng d
040 _c0
082 _aDPer 621.381 In821 August 2022 v. 37 n. 8
100 _aFeng, Tianxu.
_eauthor.
_955013
245 _aA reticulated planar transmitter using a three-dimensional rotating magnetic field for free-positioning omnidirectional wireless power transfer /
_cTianxu Feng, Zhiping Zuo, Yue Sun, Xin Dai, Xueying Wu, and Lujing Zhu.
260 _aNew York ;
_bThe Institute of Electrical and Electronics Engineers, Inc. ,
_cAugust 2022.
300 _aVolume 37, pages 9999-10015 :
_billustration ;
_c28 cm.
500 _aIEEE Transitions on Power Electronics, v. 37 n. 8, pages 9999-10015, August 2022.
700 _aFeng, Tianxu.
_eauthor.
_955013
700 _aZuo, Zhiping.
_eauthor.
_955014
700 _aSun, Yue.
_eauthor.
_955015
700 _aDai, Xin.
_eauthor.
_955016
700 _aWu, Xueying.
_eauthor.
_955017
700 _aZhu, Lujing.
_eauthor.
_955018
942 _2ddc
_cPER
999 _c19756
_d19756